000 00714nam a2200253Ia 4500
003 OSt
005 20220928114732.0
006 a|||||r|||| 00| 0
007 ta
008 220927b |||||||| |||| 00| 0 eng d
024 _a118771
037 _bGifted, 20/03/2013, Gifted
_cTextual
040 _aSDCL
_cSDCL
_beng
041 _2eng
_aeng
082 _aB43, P9
100 _aOuterelo Enrique
_9440656
245 0 _aMapping degree theory
260 _aRhode
_bIsland AMS
_c2009
300 _ax,244p
_ccm.
650 _aGift
_9391569
700 _a Ruiz Jesus M
_9440657
942 _hB43, P9
_cTEXL
_2CC
999 _c756204
_d756204